| 000 | 01254nam a2200313 i 4500 | ||
|---|---|---|---|
| 003 | EG-GICUC | ||
| 005 | 20260121101516.0 | ||
| 008 | 251217r19881987ye ||||fr|||| 00| 0 ara d | ||
| 040 |
_a EG-GICUC _bara _c EG-GICUC _d EG-GICUC _erda |
||
| 041 | 0 | _aara | |
| 082 | 0 | 4 |
_221 _a343.380532 _bح س . ش |
| 092 | 0 | 4 | _221 |
| 099 | _aLaw1 10 343.380532 ح س . ش 1988 | ||
| 100 | 0 |
_aحسنى الجندى _eمؤلف. |
|
| 245 | 1 | 0 |
_aشرح قانون الإجراءات الجزائية اليمني. _nالجزء الأول، _pالدعوى الجزائية والمدنية / _cدكتور حسنى الجندى. |
| 264 | 1 |
_aصنعاء : _b{دون دار نشر}، _c1988. |
|
| 300 |
_a661 ؛صفحة _c24 سم. _bإيضاحيات، صور، مثيليات ؛ |
||
| 336 |
_2rda content _atext |
||
| 337 |
_2rda media _aComputer |
||
| 338 |
_2rda carrier _aOnline Resource |
||
| 504 | _a. 240-220 ببليوجرافيا: صفحات. | ||
| 546 | _aالنص باللغة العربية | ||
| 650 | 1 | 4 |
_aالإشكال في تنفيذ الأحكام الجنائية _2qrmak |
| 650 | 1 | 4 |
_aالقانون الجنائي _2qrmak |
| 651 | 1 | _2qrmak | |
| 856 | 4 | 0 | _uhttps://fll.law.cu.edu.eg/fulltext/bks/B10-05541.pdf |
| 905 | _a77 | ||
| 942 |
_2ddc _cBK _e21 _n0 |
||
| 999 |
_c51137 _d51137 |
||